Строение верхнеюрского горизонта Юі зоны сочленения Усть-Тымской впадины и Парабельского мегавала (Томская область); Академический журнал Западной Сибири; Т. 11, № 1 (56)
| Parent link: | Академический журнал Западной Сибири: научно-практическое издание.— , 2005- Т. 11, № 1 (56).— 2015.— [С. 99-105] |
|---|---|
| Hovedforfatter: | |
| Institution som forfatter: | |
| Andre forfattere: | |
| Summary: | Заглавие с экрана Режим доступа: по договору с организацией-держателем ресурса |
| Sprog: | russisk |
| Udgivet: |
2015
|
| Fag: | |
| Online adgang: | https://elibrary.ru/item.asp?id=23885231 |
| Format: | MixedMaterials Electronisk Book Chapter |
| KOHA link: | https://koha.lib.tpu.ru/cgi-bin/koha/opac-detail.pl?biblionumber=667454 |
MARC
| LEADER | 00000naa0a2200000 4500 | ||
|---|---|---|---|
| 001 | 667454 | ||
| 005 | 20250313165858.0 | ||
| 035 | |a (RuTPU)RU\TPU\network\38659 | ||
| 035 | |a RU\TPU\network\9822 | ||
| 090 | |a 667454 | ||
| 100 | |a 20220325d2015 k||y0rusy50 ca | ||
| 101 | 0 | |a rus | |
| 102 | |a RU | ||
| 135 | |a drcn ---uucaa | ||
| 181 | 0 | |a i | |
| 182 | 0 | |a b | |
| 200 | 1 | |a Строение верхнеюрского горизонта Юі зоны сочленения Усть-Тымской впадины и Парабельского мегавала (Томская область) |f Т. Г. Перевертайло, Н. М. Недоливко | |
| 203 | |a Текст |c электронный | ||
| 300 | |a Заглавие с экрана | ||
| 320 | |a [Библиогр.: 4 назв.] | ||
| 333 | |a Режим доступа: по договору с организацией-держателем ресурса | ||
| 461 | |t Академический журнал Западной Сибири |o научно-практическое издание |d 2005- | ||
| 463 | |t Т. 11, № 1 (56) |v [С. 99-105] |d 2015 | ||
| 610 | 1 | |a электронный ресурс | |
| 610 | 1 | |a труды учёных ТПУ | |
| 610 | 1 | |a Усть-Тымская мегавпадина | |
| 610 | 1 | |a Парабельский мегавал | |
| 610 | 1 | |a Томская область | |
| 610 | 1 | |a нефтегазоносность | |
| 610 | 1 | |a васюганский горизонт | |
| 700 | 1 | |a Перевертайло |b Т. Г. |c геолог |c доцент Томского политехнического университета, кандидат геолого-минералогических наук |f 1969- |g Татьяна Геннадьевна |3 (RuTPU)RU\TPU\pers\26247 |9 12033 | |
| 701 | 1 | |a Недоливко |b Н. М. |c геолог |c доцент Томского политехнического университета, кандидат геолого-минералогических наук |f 1955- |g Наталья Михайловна |3 (RuTPU)RU\TPU\pers\26091 |9 11925 | |
| 712 | 0 | 2 | |a Национальный исследовательский Томский политехнический университет |b Институт природных ресурсов |b Кафедра геологии и разведки полезных ископаемых |3 (RuTPU)RU\TPU\col\18660 |
| 801 | 2 | |a RU |b 63413507 |c 20220325 |g RCR | |
| 856 | 4 | |u https://elibrary.ru/item.asp?id=23885231 | |
| 942 | |c CF | ||